| 000 | 01108nam1a22002531i 4500 | ||
|---|---|---|---|
| 001 | rc\4731741 | ||
| 005 | 20240726060958.0 | ||
| 035 | _a(NLR Aleph) 008447936 | ||
| 090 |
_a9519327 _c9519327 |
||
| 100 | _a20130416g1968 |||y0rusy50 ca | ||
| 101 | 0 | _arus | |
| 102 | _aRU | ||
| 105 | _ay z ||||| | ||
| 200 | 1 |
_aПочвы БССР _eПлощади почв по типам, мех. составу, степени заболоченности, кислотности, обеспеченности фосфором и калием _f[Под ред. С.П. Иванова] [и др.] [1]- _gМ-во сел. хоз-ва БССР. Белорус. науч.-исслед. ин-т почвоведения |
|
| 210 |
_aМинск _cБ. и. _d1968- |
||
| 215 | _d20х30 | ||
| 300 | _aПодзаголовок ч. 2 незначит. изменен | ||
| 300 | _aОтпеч. множит. аппаратом | ||
| 333 | _aДля служебного пользования | ||
| 702 | 1 |
_aИванов _bС.П. _4340 |
|
| 801 | 0 |
_aRU _bNLR _gpsbo |
|
| 801 | 1 |
_aRU _bELAR _2rusmarc |
|
| 852 |
_aNLR _j50К/17304 |
||
| 942 | _cBOOK | ||